Compagnies aériennes du monde - Statistiques

Statistiques générales
  • Ce quiz a été pris 80 fois
  • Le résultat moyen est 17 sur 58
Statistiques - réponses
Hint Réponse % Correct
France Air France
83%
Etats-Unis Delta
68%
Royaume-Uni British Airways
65%
Allemagne Lufthansa
63%
Qatar Qatar Airways
63%
Etats-Unis American Airlines
60%
Espagne Iberia
60%
Pays Bas KLM
58%
Finlande Finnair
54%
Canada Air Canada
52%
Japon Japan Airlines
52%
Inde Air India
49%
Chine Air China
46%
Turquie Turkish Airlines
46%
Suisse SWISS
45%
Malaisie Malaysia Airlines
42%
Australie Qantas
40%
Maroc Royal Air Maroc
40%
Alaska Alaska Airlines
38%
Hong Kong Cathay Pacific
35%
Ethiopie Ethiopian Airlines
35%
Corée du Sud Korean Air
35%
Japon ANA
34%
Singapour Singapour Airlines
34%
Autriche Austrian
31%
Thailande Thai Airways
31%
Nouvelle-Zélande Air New Zealand
28%
Egypte Egyptair
26%
Oman Oman Air
26%
Etats-Unis United Airlines
26%
Vietnam Vietnam Airlines
26%
Mexique Aeromexico
23%
Chine China Airlines
23%
Chine China Eastern
23%
Scandinave SAS
23%
Arabie Saoudite Saudia
22%
Kenya Kenya Airways
20%
Belgique Brussels Airlines
18%
Taiwan Eva Air
18%
Grande Bretagne Virgin Atlantic
17%
Jordanie Royal Jordanian
15%
Croatie Croatia Airlines
12%
Corée du Sud Asiana
11%
Iles Fidji Fiji Airways
11%
Pologne LOT Polish Airlines
11%
Portugal TAP Air Portugal
11%
Panama Copa Airlines
9%
Afrique du Sud South African Airways
9%
Espagne Air Europa
8%
Indonésie Garuda
6%
Sri lanka SriLankan Airlines
6%
Argentine Aerolineas Argentinas
5%
Roumanie Tarom
5%
Chine Xiamen Air
3%
Libye Middle East Airlines
2%
Grèce About Aegean Airlines
0%
Colombie Avancia
0%
Chine Shenzhen Airlines
0%
Aucun quiz correspondant
Distribution des résultats
% des personnes avec chaque résultat
Percentile par nombre de réponses
Votre historique - résultats
Vous n’avez pas pris ce quiz